Normal view
MARC view
- Feddema, Helen Padwick, Gordon
Entry Personal Name
001 - CONTROL NUMBER
- control field: 80386
003 - CONTROL NUMBER IDENTIFIER
- control field: NUST
005 - DATE AND TIME OF LATEST TRANSACTION
- control field: 20210628210647.0
008 - FIXED-LENGTH DATA ELEMENTS
- fixed length control field: 210628|| aca||aabn | a|a d
040 ## - CATALOGING SOURCE
- Original cataloging agency: NUST
- Transcribing agency: NUST
100 ## - HEADING--PERSONAL NAME
- Personal name: Feddema, Helen Padwick, Gordon
670 ## - SOURCE DATA FOUND
- Source citation: Work cat.: (NUST): Feddema, Helen Padwick, Gordon, Using microsoft outlook 2000, 1999
